01681nam a2200253 a 4500001001300000003000900013005001700022008004100039020002900080040003200109041001300141082003300154100004100187240006700228245010900295260006300404300002000467500006800487504003900555520055400594655007401148655012401222655008101346000000362518IT-MiSPE20200910164853.0080722s2008 vc 000 0 ita d a9788820980542c16.50 EUR aIT-MiSPEbitadipcIT-MiSPE aitaheng a227.07-WIT ro se (axa 23289)1 aWitherup, Ronald D.,cp.s.s.,d1950-10aSaint Paul called to conversion a seven-day retreat.lItaliano10aSette giorni in cammino con san Paolo :besercizi spirituali sulla via di Damasco /cRonald D. Witherup. aCittà del Vaticano :bLibreria Editrice Vaticana,c2008. a139 p. ;c21 cm aTit. orig.: Saint Paul called to conversion a seven-day retreat aContiene riferimenti bibliografici aSan Paolo è la personalità più rilevante del Nuovo Testamento, a parte lo stesso Gesù. Tredici dei ventisette libri del Nuovo Testamento portano il suo nome. Ma, attorno al 35 d.C., egli ebbe una straordinaria esperienza sulla strada per Damasco." (dall'introduzione)San Paolo è la personalità più rilevante del Nuovo Testamento, a parte lo stesso Gesù. Tredici dei ventisette libri del Nuovo Testamento portano il suo nome. Ma, attorno al 35 d.C., egli ebbe una straordinaria esperienza sulla strada per Damasco (dall'introduzione). 7aSacra Scrittura. Studi sul Nuovo TestamentoxPaolo: biografia.2local 7aSpiritualità. Vita spirituale. Ostacoli. Virtù. MezzixEsercizi spirituali non ignaziani - Ritiri (italiano)2local 7aSacra Scrittura. Studi sul Nuovo TestamentoxPaolo: studi e teologia.2local